000 00556nam a2200205Ia 4500
008 180523s9999 xx 000 0 und d
020 _a0-486-28512-X
050 _aMAIN PS 3519.O265
050 _b.J64 1995
100 _aJohnson, James Weldon.
245 4 _aThe Autobiography of an ex-colored man /
245 0 _cJames Weldon Johnon.
260 _aNew York :
260 _bDover Publications,
260 _c1995
300 _a100 pages :
300 _c21 cm.
440 _aDover thrift editions
650 _aAfrican American men -- Fiction.
999 _c357410
_d357410